000 00694nam a2200181 i 4500
001 145542
003 ES-MaACL
005 20260127062547.0
007 t|
008 071015s1945 sp ||||1| spa d
100 1 _aVentosa y Calvell, Juan.
_9113915
245 1 0 _aEn una encrucijada de la Historia
_b: conferencia pronunciada el día 13 de abril de 1945 en la Real Academia de Jurisprudencia y Legislación /
_cpor Juan Ventosa y Calvell.
260 _aMadrid :
_b[s.n.],
_c1945 (
_fImp. Vda. de Galo Sèz)
300 _a44 p. ;
_c18 cm.
700 _aReal Academia de Jurisprudencia y Legislación de España
_9217612
852 _aES-MaACL
_j1620-F-12
_bR.21832
999 _c145542
_d145542